00850nab a2200265 uc450000100070000000500170000700800410002403500110006503500210007604000130009704100080011010000400011824500310015865000290018965000290021865000240024765000250027165000300029665000400032665000380036665000100040465000150041470000400042977301150046981170020240201185911.0030520e20030405 spa  a811700 a(OCoLC)820026871 ccomduadb aspa10aArenas Barragan, Humberto4auteaut10aComparacion de tecnologias aDescargas atmosféricas aProtección eléctrica aEnergía potencial aEnergía cinética aLíneas de transmisión aProteccion de aparatos electronicos aProteccion de aparatos electricos aNubes aPararrayos10aContreras Gallego, Rafael4auteaut0 tMundo Eléctrico (Bogotá)gVolumen 17, Número 051, Abril-Junio 2003, p. 10-14w1173845x1692-70520525839